| 000 | 01758nam0a2200421 4500 | ||
|---|---|---|---|
| 001 | RU\NLR\BIBL_A\012383661 | ||
| 005 | 20231221160810.0 | ||
| 010 |
_a978-5-9925-1416-2 _9500 |
||
| 021 |
_aRU _bКН-П-20-038512 _9КН-П-20-2917 |
||
| 035 | _a(NLR Aleph) 012383661 | ||
| 035 | _a(RuMoRGB)010368023 | ||
| 090 |
_a11640362 _c11640362 |
||
| 100 | _a20201020d2020 d y0rusy50 ca | ||
| 101 | 1 |
_arus _avie _ceng |
|
| 102 | _aRU | ||
| 105 | _aa j 000zy | ||
| 181 | 0 |
_ai _baxxe |
|
| 182 | 0 | _an | |
| 200 | 1 |
_aРазговорный вьетнамский язык _eкурс для начинающих _e[учебное пособие] _fБак Хоай Чан, Ха Минь Нгуен, Туан Дык Выонг, Куэ Выонг _g[перевод с английского Е. В. Лютик] |
|
| 203 |
_aТекст _bвизуальный _cнепосредственный |
||
| 210 |
_aСанкт-Петербург _cКАРО _d2020 |
||
| 215 |
_a319 с. _cил. _d24 |
||
| 300 | _aТекст рус., вьетнам. | ||
| 333 | _a12+ | ||
| 606 | 1 |
_aВьетнамский язык _xРазговорная речь _jУчебные издания _2nlr_sh2 _3RU\NLR\AUTH\6601678127 |
|
| 686 | 1 | _aШ172.81-93рус-6 | |
| 701 | 0 |
_aЧан Бак Хоай _f1954- _3RU\NLR\AUTH\770222763 |
|
| 701 | 0 |
_aНгуен Ха Минь _cлингвист _3RU\NLR\AUTH\770222765 |
|
| 701 | 0 |
_aВыонг Туан Дык _3RU\NLR\AUTH\770222766 |
|
| 701 | 0 |
_aВыонг Куэ _3RU\NLR\AUTH\770222777 |
|
| 852 |
_aNLR _bОЛСАА-вьет _j3-1282 |
||
| 942 | _cBOOK | ||
| 980 | _aNBR | ||
| 980 | _aNB | ||